Economic analysis of law in India: (Record no. 34936)

MARC details
000 -LEADER
fixed length control field 01084nam a22003017a 4500
005 - DATE AND TIME OF LATEST TRANSACTION
control field 20100331114455.0
008 - FIXED-LENGTH DATA ELEMENTS--GENERAL INFORMATION
fixed length control field 100331t xxu||||| |||| 00| 0 eng d
010 ## - LCCN (DPL NO)
LC control number ENG-95933
020 ## - INTERNATIONAL STANDARD BOOK NUMBER
International Standard Book Number 0198060564
Terms of availability 650.00
020 ## - INTERNATIONAL STANDARD BOOK NUMBER
International Standard Book Number 9780198060567
Terms of availability 650.00
035 ## - SYSTEM CONTROL NUMBER
System control number EN-79466
037 ## - SOURCE OF ACQUISITION
Source of stock number/acquisition DBAD/PUB
040 ## - CATALOGING SOURCE
Original cataloging agency DPL
082 ## - DEWEY DECIMAL CLASSIFICATION NUMBER
Classification number 343.5407
245 ## - TITLE STATEMENT
Title Economic analysis of law in India:
Remainder of title Theory and application /
Statement of responsibility, etc edited by P.G.Babu ... [et.al]
260 ## - PUBLICATION, DISTRIBUTION, ETC. (IMPRINT)
Place of publication, distribution, etc New Delhi
Name of publisher, distributor, etc Oxford university press
Date of publication, distribution, etc 2010
270 ## - ADDRESS
Address YMCA library building, Jai Singh Road
City New Delhi
Postal code 110001
300 ## - PHYSICAL DESCRIPTION
Extent xx, 282p. :
Dimensions 24cm. (Hb)
500 ## - GENERAL NOTE
General note includes reference
650 ## - SUBJECT ADDED ENTRY--TOPICAL TERM
Topical term or geographic name as entry element Law
General subdivision Economic aspects
Geographic subdivision India
700 ## - ADDED ENTRY--PERSONAL NAME
Personal name Babu, P.G.
700 ## - ADDED ENTRY--PERSONAL NAME
Personal name Eger, Thomas
700 ## - ADDED ENTRY--PERSONAL NAME
Personal name Raja, A. V.
700 ## - ADDED ENTRY--PERSONAL NAME
Personal name Schafer, Hans Bernd
700 ## - ADDED ENTRY--PERSONAL NAME
Personal name Somashekar, T. S.
942 ## - ADDED ENTRY ELEMENTS (KOHA)
Source of classification or shelving scheme Dewey Decimal Classification
Item type English Books
Call number suffix BAB
Classification part 343.5407
Holdings
Withdrawn status Lost status Source of classification or shelving scheme Materials specified (bound volume or other part) Damaged status Not for loan Collection code Home library Current library Date acquired Source of acquisition Cost, normal purchase price Total Checkouts Full call number Barcode Date last seen Copy number Cost, replacement price Koha item type
    Dewey Decimal Classification Hb   Not For Loan Non-fiction D.B.Act.Division D.B.Act.Division 26/02/2010 DBAD/PUB 650.00   343.5407 BAB EN-79466 31/03/2010 1 650.00 English Books

© Delhi Public Library
Hit Counter
free hit counter